| 000 | 01331nam a2200229Ia 4500 | ||
|---|---|---|---|
| 999 |
_c55923 _d55923 |
||
| 001 | 23021 | ||
| 003 | GE_BSU | ||
| 005 | 20230629145150.0 | ||
| 008 | 181216s||||||||xx |||||||||||||| ||und|| | ||
| 040 | _cGE_BSU | ||
| 041 | _ageo | ||
| 080 | _a821.112.2-32 გ-36 | ||
| 245 |
_aგერმანული მოთხრობა XIX საუკუნე / _cსაქ. მწერალთა კავშირთან არსებული მხ. თარგმ. და ლიტ. ურთიერთობების მთ. სარედ. კოლეგია ; გერმ. თარგმნა ო. ხუციშვილმა ; [წინასიტყ. - XIX საუკუნის გერმანული ნოველა - ავტ. ნ. კაკაბაძე]. |
||
| 264 |
_aთბილისი : _bგანათლება, _c1984. |
||
| 300 |
_a462 გვ. ; _c21 სმ. |
||
| 500 | _aპარალელური სათაური გერმანულ ენაზე | ||
| 541 | _h4ლ. | ||
| 653 | _aგერმანული მოთხრობა XIX საუკუნე | ||
| 653 | _aმხატვრული ლიტერატურა | ||
| 700 |
_aხუციშვილი, ო. _eმთარგმნელი _919075 |
||
| 942 |
_cBK _2udc |
||